| 000 | 00696cam a2200229u 4500 | ||
|---|---|---|---|
| 001 | 6485152 | ||
| 003 | PILC | ||
| 005 | 20150804075359.0 | ||
| 008 | 820521s1948 enk 000 0 eng | ||
| 010 | _a 49021455 | ||
| 040 |
_aDLC _cCarP _dDLC |
||
| 050 | 0 | 0 |
_aHG 1601 _b.L864 2014 |
| 100 | 1 | _aLopez-Mariano, Norma Dy. | |
| 245 | 0 | 4 |
_aThe elements of finance / _cNorma Dy Lopez-Mariano. |
| 260 |
_aManila : _bRex Book Store, _c2014. |
||
| 300 |
_axii, 294 pages : _billustrations ; _c25 cm. |
||
| 500 | _aIncludes bibliographical references and index. | ||
| 650 | 0 | _aBanks and banking. | |
| 650 | 0 | _aFinance. | |
| 906 |
_a0 _bcbc _cpremunv _du _encip _f19 _gy-gencatlg |
||
| 942 |
_2lcc _cBK _kLOC |
||
| 999 |
_c284804 _d284804 |
||